| 000 | 00486nam a2200193Ia 4500 | ||
|---|---|---|---|
| 003 | OSt | ||
| 005 | 20250821112413.0 | ||
| 008 | 250729s2005 xx 000 0 und d | ||
| 020 | _a978-8120717435 | ||
| 040 | _cAL | ||
| 041 | _aeng | ||
| 082 | _a371.2 SIDS | ||
| 100 |
_aSidhu Kulbeer Singh _9221689 |
||
| 245 | _aSchool organisation and administaration | ||
| 260 |
_aNew Delhi _bSterling Publication _c2005 |
||
| 300 | _a481p | ||
| 650 |
_aEducation _9221690 |
||
| 942 |
_2ddc _cBED |
||
| 999 |
_c235130 _d235130 |
||